[Event "Merida World Heritage op 2nd"]
[Site "Merida"]
[Date "2022.08.05"]
[Round "6"]
[White "Arjona Casado, Abel"]
[Black "Mellado Trivino, Juan"]
[Result "0-1"]
[WhiteElo "1972"]
[BlackElo "2339"]
[PlyCount "50"]
[EventDate "2022.08.02"]
[EventType "swiss"]
[EventRounds "9"]
[EventCountry "ESP"]
[SourceTitle "CBM 209 Extra"]
[Source "ChessBase"]
[SourceDate "2022.09.30"]
[SourceVersion "1"]
[SourceVersionDate "2022.09.30"]
[SourceQuality "1"]

1. e4 c5 2. Nf3 Nc6 3. d4 cxd4 4. Nxd4 e5 5. Nb5 a6 6. Nd6+ Bxd6 7. Qxd6 Qf6 8. Qxf6 Nxf6 9. Nc3 Nb4 10. Kd2 d6 11. a3 Nc6 12. Ke1 h6 13. Be3 Be6 14. Rd1 Ke7 15. g3 Rac8 16. Bg2 Na5 17. h3 Nc4 18. Bc1 Nxa3 19. bxa3 Rxc3 20. a4 Rhc8 21. Rg1 R8c4 22. Bb2 Rxc2 23. Ba3 Nxe4 24. Bxe4 Rxe4+ 25. Kf1 Bxh3+ 0-1

[Event "Merida World Heritage op 2nd"]
[Site "Merida"]
[Date "2022.08.03"]
[Round "3"]
[White "Katz, Alexander R"]
[Black "Arjona Casado, Abel"]
[Result "1-0"]
[WhiteElo "2412"]
[BlackElo "1972"]
[PlyCount "56"]
[EventDate "2022.08.02"]
[EventType "swiss"]
[EventRounds "9"]
[EventCountry "ESP"]
[SourceTitle "CBM 209 Extra"]
[Source "ChessBase"]
[SourceDate "2022.09.30"]
[SourceVersion "1"]
[SourceVersionDate "2022.09.30"]
[SourceQuality "1"]

1. e4 c5 2. Nf3 d6 3. Bb5+ Bd7 4. Bxd7+ Nxd7 5. c4 Ngf6 6. Nc3 g6 7. 0-0 Bg7 8. d4 cxd4 9. Nxd4 0-0 10. Be3 Rc8 11. b3 a6 12. Rc1 Qa5 13. Qe2 Nc5 14. Nd5 Nxd5 15. exd5 Rfe8 16. f4 e6 17. Qf3 exd5 18. cxd5 Qxa2 19. f5 Qb2 20. f6 Bh6 21. Ne6 Nxe6 22. Rxc8 Rxc8 23. dxe6 Bxe3+ 24. Qxe3 Kf8 25. Qh6+ Ke8 26. exf7+ Kxf7 27. Qxh7+ Ke6 28. Qh3+ Kd5 1-0

[Event "Merida World Heritage op 1st"]
[Site "Merida"]
[Date "2021.08.08"]
[Round "8"]
[White "Vazquez Gonzalez, Jesus"]
[Black "Arjona Casado, Abel"]
[Result "1/2-1/2"]
[WhiteElo "1876"]
[BlackElo "1969"]
[PlyCount "78"]
[EventDate "2021.08.04"]
[EventType "swiss"]
[EventRounds "9"]
[EventCountry "ESP"]
[SourceTitle "EXT 2023"]
[Source "ChessBase"]
[SourceDate "2022.10.05"]
[SourceVersion "1"]
[SourceVersionDate "2022.10.05"]
[SourceQuality "1"]

1. e4 c5 2. Bd3 Nc6 3. c3 d5 4. Qe2 g6 5. Na3 Bg7 6. exd5 Qxd5 7. Be4 Qd7 8. Nf3 Nf6 9. Bc2 0-0 10. 0-0 b6 11. Nc4 Bb7 12. Re1 e6 13. d3 Nd5 14. Nce5 Nxe5 15. Nxe5 Qc7 16. a3 Rad8 17. c4 Nf6 18. Bd2 Nd7 19. Bc3 Nxe5 20. Bxe5 Bxe5 21. Qxe5 Qc6 22. f3 Rd4 23. Re4 Rd6 24. Rh4 f6 25. Qe3 e5 26. b4 Bc8 27. Qh6 Qc7 28. g4 Rd4 29. bxc5 bxc5 30. Rb1 g5 31. Rh3 Qg7 32. Qxg7+ Kxg7 33. Rb5 f5 34. Rxc5 fxg4 35. Rc7+ Rd7 36. Rxd7+ Bxd7 37. fxg4 Rf4 38. Rg3 Rxg4 39. Rxg4 Bxg4 1/2-1/2

[Event "Merida World Heritage op 1st"]
[Site "Merida"]
[Date "2021.08.07"]
[Round "7"]
[White "Arjona Casado, Abel"]
[Black "Martinez Fernandez, Raul"]
[Result "0-1"]
[WhiteElo "1969"]
[BlackElo "2177"]
[PlyCount "84"]
[EventDate "2021.08.04"]
[EventType "swiss"]
[EventRounds "9"]
[EventCountry "ESP"]
[SourceTitle "EXT 2023"]
[Source "ChessBase"]
[SourceDate "2022.10.05"]
[SourceVersion "1"]
[SourceVersionDate "2022.10.05"]
[SourceQuality "1"]

1. e4 e5 2. Nf3 Nc6 3. Bb5 a6 4. Bxc6 dxc6 5. d4 exd4 6. Qxd4 Qxd4 7. Nxd4 c5 8. Ne2 Bd7 9. Nbc3 0-0-0 10. 0-0 g6 11. Be3 b6 12. Rad1 Re8 13. Rd2 Nf6 14. Rfd1 Bc6 15. f3 Bg7 16. Nb1 Nd7 17. Bf4 Ne5 18. b3 f5 19. exf5 gxf5 20. Ng3 Ng6 21. Nxf5 Nxf4 22. Nxg7 Re5 23. g3 Nh3+ 24. Kf1 Bxf3 25. Re1 Be4 26. g4 Rf8+ 27. Nf5 h5 28. Nc3 hxg4 29. Rxe4 Rexf5+ 30. Kg2 Rf2+ 31. Rxf2 Rxf2+ 32. Kg3 Rf3+ 33. Kxg4 Rxc3 34. Re8+ Kd7 35. Rh8 Nf2+ 36. Kf4 Rxc2 37. h4 Nd3+ 38. Ke4 Nc1 39. h5 Rxa2 40. h6 Nxb3 41. h7 Rh2 42. Kf5 c4 0-1

[Event "Merida World Heritage op 1st"]
[Site "Merida"]
[Date "2021.08.07"]
[Round "6"]
[White "Parejo Pineda, Jesus"]
[Black "Arjona Casado, Abel"]
[Result "0-1"]
[WhiteElo "1565"]
[BlackElo "1969"]
[PlyCount "88"]
[EventDate "2021.08.04"]
[EventType "swiss"]
[EventRounds "9"]
[EventCountry "ESP"]
[SourceTitle "EXT 2023"]
[Source "ChessBase"]
[SourceDate "2022.10.05"]
[SourceVersion "1"]
[SourceVersionDate "2022.10.05"]
[SourceQuality "1"]

1. d4 d5 2. Bf4 Nf6 3. e3 e6 4. Nd2 c5 5. c3 Nc6 6. Ngf3 Bd6 7. Bg3 0-0 8. Bd3 b6 9. Qe2 Bb7 10. Rd1 cxd4 11. exd4 a6 12. Ne5 b5 13. f4 b4 14. Rb1 Ne7 15. h4 a5 16. h5 Nf5 17. Bf2 Be7 18. g4 Nd6 19. g5 Nfe4 20. Bxe4 dxe4 21. g6 e3 22. gxh7+ Kh8 23. Rh3 exd2+ 24. Kxd2 Ne4+ 25. Ke3 Nxf2 26. Qxf2 Qd5 27. Rg1 Bf6 28. Ng4 Qf5 29. Qg3 bxc3 30. bxc3 Rac8 31. Kd2 Kxh7 32. Nxf6+ Qxf6 33. h6 g6 34. Qg5 Qxg5 35. Rxg5 Bd5 36. Kc2 Rc4 37. Rg1 Ra4 38. Ra1 Rxa2+ 39. Rxa2 Bxa2 40. Kd3 a4 41. c4 a3 42. c5 Bb1+ 43. Kc4 Ra8 44. c6 Be4 0-1

[Event "Merida World Heritage op 1st"]
[Site "Merida"]
[Date "2021.08.06"]
[Round "5"]
[White "Arjona Casado, Abel"]
[Black "Romero Calduch, Sergio"]
[Result "1/2-1/2"]
[WhiteElo "1969"]
[BlackElo "2200"]
[PlyCount "60"]
[EventDate "2021.08.04"]
[EventType "swiss"]
[EventRounds "9"]
[EventCountry "ESP"]
[SourceTitle "EXT 2023"]
[Source "ChessBase"]
[SourceDate "2022.10.05"]
[SourceVersion "1"]
[SourceVersionDate "2022.10.05"]
[SourceQuality "1"]

1. e4 c6 2. Nc3 d5 3. Nf3 dxe4 4. Nxe4 Nd7 5. Bc4 Ngf6 6. Qe2 Nxe4 7. Qxe4 Nf6 8. Ne5 e6 9. Qe2 Be7 10. 0-0 0-0 11. b3 Qd4 12. c3 Qe4 13. d4 c5 14. Ba3 Qxe2 15. Bxe2 Nd5 16. Bxc5 Nxc3 17. Bf3 Re8 18. Nc4 Nd5 19. Rac1 Bg5 20. Rc2 b6 21. Ba3 Ba6 22. Re1 Rec8 23. g3 b5 24. Bxd5 exd5 25. Ne3 Bxe3 26. Rxc8+ Bxc8 27. Rxe3 Bf5 28. Bc5 a5 29. a3 Be6 30. Re5 g6 1/2-1/2

[Event "ESP-ch 85th"]
[Site "Linares"]
[Date "2020.08.31"]
[Round "1"]
[White "Arjona Casado, Abel"]
[Black "Garrido Outon, Alex"]
[Result "0-1"]
[WhiteElo "1974"]
[BlackElo "2339"]
[PlyCount "90"]
[EventDate "2020.08.31"]
[EventType "swiss"]
[EventRounds "9"]
[EventCountry "ESP"]
[SourceTitle "EXT 2021"]
[Source "ChessBase"]
[SourceDate "2020.10.23"]
[SourceVersion "1"]
[SourceVersionDate "2020.10.23"]
[SourceQuality "1"]

1. e4 c5 2. Nf3 d6 3. d4 cxd4 4. Nxd4 Nf6 5. Nc3 a6 6. Be3 e5 7. Nf3 Be7 8. Bc4 0-0 9. 0-0 Be6 10. Bb3 Qc7 11. Qe2 Re8 12. Rad1 Nbd7 13. Rd2 Nb6 14. Bxb6 Qxb6 15. Bxe6 fxe6 16. Qc4 Bf8 17. Qb3 Qc7 18. Ng5 Qe7 19. Rfd1 h6 20. Nf3 Qc7 21. Nh4 Kh7 22. g3 Nd7 23. a4 Rac8 24. Ne2 Nc5 25. Qc4 Qb6 26. b3 Be7 27. Ng2 Rf8 28. Nc1 Qc6 29. Re2 Rf3 30. Ne1 b5 31. axb5 axb5 32. Qb4 Rf7 33. Ncd3 Rcf8 34. Nxc5 dxc5 35. Qc3 c4 36. Qxe5 Bc5 37. bxc4 Rxf2 38. Rxf2 Rxf2 39. Kh1 Rf5 40. Qc3 Qxe4+ 41. Ng2 bxc4 42. h3 Rf2 43. Rg1 Rxc2 44. Qe1 Re2 45. Qb1 Bxg1 0-1

[Event "ESP-ch U18"]
[Site "Salobrena"]
[Date "2019.07.25"]
[Round "6"]
[White "Garcia Oviedo, Alejandro"]
[Black "Arjona Casado, Abel"]
[Result "1/2-1/2"]
[WhiteElo "1866"]
[BlackElo "2047"]
[PlyCount "60"]
[EventDate "2019.07.22"]
[EventType "swiss"]
[EventRounds "9"]
[EventCountry "ESP"]
[SourceTitle "CBM 191 Extra"]
[Source "ChessBase"]
[SourceDate "2019.09.30"]
[SourceVersion "1"]
[SourceVersionDate "2019.09.30"]
[SourceQuality "1"]

1. e4 c5 2. c4 Nc6 3. g3 g6 4. Bg2 Bg7 5. Ne2 e6 6. Nbc3 Nge7 7. 0-0 0-0 8. a3 d6 9. Rb1 a5 10. d3 f5 11. Be3 e5 12. Qd2 Be6 13. b3 Kh8 14. f4 Nd4 15. Kh1 Rb8 16. Ng1 Nec6 17. Nf3 Nxf3 18. Bxf3 Nd4 19. Bg2 Qd7 20. b4 b6 21. Rf2 Bf6 22. Rff1 Be7 23. b5 Bf6 24. Rf2 Qd8 25. Rbf1 Qe7 26. Kg1 Nb3 27. Qc2 Nd4 28. Qd2 Nb3 29. Qc2 Nd4 30. Qd2 Nb3 1/2-1/2